[Event "ROU-chT Men Superliga 2018"]
[Site "Sovata"]
[Date "2018.11.27"]
[Round "4"]
[White "Andronescu, Madalin"]
[Black "Ognean, Mihnea-Ionut"]
[Result "0-1"]
[WhiteElo "2070"]
[BlackElo "2291"]
[Annotator "NA"]
[PlyCount "98"]
[EventDate "2018.11.24"]
[EventType "team-tourn"]
[EventCountry "ROU"]
[SourceTitle "playchess.com"]
[Source "ChessBase"]
[SourceQuality "1"]
[TimeControl "40/5400+30:1800+30"]

1. e4 {[%emt 0:00:00]} c5 {[%emt 0:00:00]} 2. Nf3 {[%emt 0:00:00]} Nc6 {[%emt 0:00:00]} 3. d4 {[%emt 0:00:00]} cxd4 {[%emt 0:00:00]} 4. Nxd4 {[%emt 0:00:00]} Nf6 {[%emt 0:00:07]} 5. Nc3 {[%emt 0:00:00]} e5 {[%emt 0:00:09]} 6. Ndb5 {[%emt 0:00:15]} d6 {[%emt 0:00:08]} 7. Bg5 {[%emt 0:00:25] LiveBook: 15786 Games} a6 {[%emt 0:00:20]} 8. Na3 {[%emt 0:00:04]} b5 {[%emt 0:00:05]} 9. Bxf6 {[%emt 0:00:03]} gxf6 {[%emt 0:00:07]} 10. Nd5 {[%emt 0:00:03]} f5 {[%emt 0:00:07]} 11. Bd3 {[%emt 0:00:05]} Be6 {[%emt 0:00:06]} 12. c3 {[%emt 0:00:03]} Bg7 {[%emt 0:01:57]} 13. Nxb5 {[%emt 0:00:06] B33: Sicilian: Pelikan and Sveshnikov Variations} axb5 {[%emt 0:00:27]} 14. Bxb5 {[%emt 0:00:04]} Bd7 {[%emt 0:00:04]} 15. exf5 {[%emt 0:00:05]} O-O {[%emt 0:19:40]} 16. O-O {[%emt 0:00:15]} e4 {[%emt 0:00:21]} 17. a4 {[%emt 0:00:05]} Re8 {[%emt 0:00:32]} 18. Qg4 {[%emt 0:00:05]} Kh8 {[%emt 0:00:03]} 19. Qf4 {[%emt 0:00:04] [#]} Re5 $146 {[%emt 0:07:32]} ({Predecessor:} 19... Be5 20. Qh6 Rc8 {0-1 (28) Tari,A (2593)-Zhigalko,S (2641) Katowice 2017}) 20. f6 {[%emt 0:06:27]} Rxd5 {[%emt 0:24:54]} 21. fxg7+ {[%emt 0:00:12]} Kxg7 {[%emt 0:00:05]} 22. Rad1 {[%emt 0:00:45]} Rxd1 {[%emt 0:16:56]} 23. Rxd1 {[%emt 0:00:23]} Ne5 {[%emt 0:01:06]} 24. Bxd7 {[%emt 0:00:39]} Nxd7 {[%emt 0:02:28]} 25. Qxd6 {[%emt 0:00:05]} Rxa4 {[%emt 0:01:38]} 26. h3 {[%emt 0:03:16]} Ra2 {[%emt 0:03:13]} 27. c4 {[%emt 0:00:04]} Rxb2 $16 {[%emt 0:05:11]} 28. c5 {[%emt 0:08:05]} Qh4 {[%emt 0:02:23]} 29. Qd4+ {[%emt 0:05:04]} Qf6 {[%emt 0:00:09]} 30. Qe3 {[%emt 0:00:02]} Ne5 {[%emt 0:03:02]} 31. Rd6 {[%emt 0:00:11]} Rb1+ {[%emt 0:02:42]} 32. Kh2 {[%emt 0:00:05]} Qh4 {[%emt 0:00:08]} 33. f3 {[%emt 0:02:36]} f6 {[%emt 0:01:46]} 34. Qxe4 {[%emt 0:07:55]} Qxe4 {[%emt 0:00:05]} 35. fxe4 {[%emt 0:00:02]} Rc1 {[%emt 0:00:16]} 36. Rd5 {[%emt 0:00:05]} Rc4 {[%emt 0:00:05]} 37. g4 {[%emt 0:01:15]} Rxe4 {[%emt 0:00:07]} 38. Kg3 {[%emt 0:00:02]} Re3+ {[%emt 0:01:07]} 39. Kg2 {[%emt 0:00:07]} Kg6 {[%emt 0:00:31]} 40. Rd8 {[%emt 0:00:00]} Rc3 {[%emt 0:00:00]} 41. Rg8+ {[%emt 0:01:20]} Kh6 {[%emt 0:06:45]} 42. h4 {[%emt 0:01:53]} Ng6 {[%emt 0:05:14]} 43. h5 {[%emt 0:00:33]} Ne5 {[%emt 0:00:13]} 44. Kf2 {[%emt 0:01:32]} Rxc5 {[%emt 0:00:48]} 45. Kg3 {[%emt 0:00:19]} Rc7 {[%emt 0:01:44]} 46. Ra8 {[%emt 0:01:52]} Rg7 {[%emt 0:00:31]} 47. Ra4 {[%emt 0:00:06]} Nxg4 {[%emt 0:02:10]} 48. Rxg4 {[%emt 0:00:15]} f5 {[%emt 0:00:13]} 49. Rxg7 {[%emt 0:01:22]} Kxg7 {[%emt 0:00:05]} 0-1

[Event "ROU-chT Men Superliga 2018"]
[Site "Sovata"]
[Date "2018.11.27"]
[Round "4"]
[White "Casangiu, Paul-Horatiu"]
[Black "Stoleriu, George"]
[Result "0-1"]
[WhiteElo "2027"]
[BlackElo "2362"]
[Annotator "NA"]
[PlyCount "52"]
[EventDate "2018.11.24"]
[EventType "team-tourn"]
[EventCountry "ROU"]
[SourceTitle "playchess.com"]
[Source "ChessBase"]
[SourceQuality "1"]
[TimeControl "40/5400+30:1800+30"]

1. c4 {[%emt 0:00:00]} e5 {[%emt 0:00:00]} 2. Nc3 {[%emt 0:02:42]} Nc6 {[%emt 0:00:00]} 3. e3 {[%emt 0:02:41]} g6 {[%emt 0:04:21]} 4. d4 {[%emt 0:01:51]} d6 {[%emt 0:01:40]} 5. d5 {[%emt 0:03:40]} Nce7 {[%emt 0:02:51]} 6. b4 {[%emt 0:04:51]} a5 {[%emt 0:03:18]} 7. Qa4+ {[%emt 0:03:47]} Bd7 {[%emt 0:01:05]} 8. Nb5 {[%emt 0:05:13]} Nf6 {[%emt 0:08:44]} 9. bxa5 {[%emt 0:03:16]} Bg7 {[%emt 0:08:08]} 10. Rb1 {[%emt 0:11:03]} Ne4 {[%emt 0:11:02]} 11. Qb4 {[%emt 0:04:51]} O-O {[%emt 0:06:31]} 12. Nc3 {[%emt 0:11:29]} c5 {[%emt 0:12:28]} 13. Qb2 {[%emt 0:03:48]} Bf5 {[%emt 0:09:27]} 14. Nxe4 {[%emt 0:01:45]} Bxe4 {[%emt 0:00:07]} 15. Ra1 {[%emt 0:00:33]} Bd3 {[%emt 0:02:00]} 16. Bd2 {[%emt 0:01:28]} e4 {[%emt 0:00:17]} 17. Bc3 {[%emt 0:00:09]} Qxa5 {[%emt 0:00:06]} 18. Rc1 {[%emt 0:04:16]} Bxc3+ {[%emt 0:01:07]} 19. Rxc3 {[%emt 0:01:33]} Bxf1 {[%emt 0:00:44]} 20. Kxf1 {[%emt 0:00:23]} Qxa2 {[%emt 0:00:03]} 21. Qxa2 {[%emt 0:01:57]} Rxa2 {[%emt 0:00:07]} 22. g4 {[%emt 0:01:52]} f5 {[%emt 0:01:47]} 23. g5 {[%emt 0:00:19]} f4 $19 {[%emt 0:03:15]} 24. exf4 {[%emt 0:00:20]} Rxf4 {[%emt 0:00:24]} 25. Ne2 {[%emt 0:03:47]} Rf3 {[%emt 0:00:24]} 26. Rg1 {[%emt 0:01:36]} Rxe2 {[%emt 0:00:04]} 0-1

[Event "ROU-chT Men Superliga 2018"]
[Site "Sovata"]
[Date "2018.11.28"]
[Round "5"]
[White "Kuzubov, Yuriy"]
[Black "Macovei, Andrei"]
[Result "1/2-1/2"]
[WhiteElo "2660"]
[BlackElo "2369"]
[Annotator "TA"]
[PlyCount "84"]
[EventDate "2018.11.24"]
[EventType "team-tourn"]
[EventCountry "ROU"]
[SourceTitle "playchess.com"]
[Source "ChessBase"]
[SourceQuality "1"]

{[%evp 11,84,11,4,0,17,2,15,0,46,43,43,37,39,38,45,39,56,46,46,50,49,39,39,35,39,39,45,29,24,13,40,13,13,13,31,25,31,31,31,31,52,2,2,2,35,35,35,5,35,35,35,35,35,33,35,35,35,35,35,35,35,35,35,0,0,0,35,35,35,35,35,0,35,0,35]} 1. c4 e5 2. Nc3 Nf6 3. Nf3 Nc6 4. e3 Bb4 5. Qc2 Bxc3 6. Qxc3 Qe7 7. b3 {A28: English Opening: Four Knights Variation} (7. d4 Ne4 8. Qd3 exd4 9. Nxd4 O-O 10. Be2 Qb4+ 11. Kf1 Qe7 12. f3 f5 13. Qd1 Nc5 14. Kf2 d6 {½-½ (23) Caruana,F (2827)-Ding,L (2804) Batumi 2018}) 7... d5 8. d4 exd4 9. Nxd4 Nxd4 10. Qxd4 c5 11. Qf4 O-O 12. Bb2 Be6 13. Bxf6 $146 (13. O-O-O {with more complications.} Rfd8 14. Bxf6 Qxf6 15. Qxf6 gxf6 16. Kc2) ({Predecessor:} 13. Be2 Rfd8 14. Qe5 Qf8 {½-½ (30) Liang,A (2575)-Sargsyan,S (2477) Manavgat 2018}) 13... Qxf6 14. Qxf6 gxf6 15. O-O-O Rfd8 16. Be2 Kf8 17. Kb2 Ke7 18. Kc3 Rd6 19. Rd3 Rad8 20. Rhd1 h6 21. h4 dxc4 22. bxc4 Rxd3+ 23. Bxd3 $11 {[%mdl 4096] Endgame KRB-KRB} Rb8 24. Rb1 Kd6 25. a4 {[%cal Ba2a4,Ba4a5][%mdl 32]} Bd7 26. Bc2 Bc6 27. g3 Kc7 28. a5 Rd8 29. Re1 Rd6 30. Rd1 Bf3 31. Rxd6 Kxd6 $14 {KB-KB} 32. Ba4 Ke6 33. Kd3 Ke5 34. Be8 Ke6 35. Kd2 f5 36. Ba4 Ke5 37. Be8 Ke6 38. Ba4 Ke5 39. Bd7 Kf6 40. Kd3 Ke5 41. Kd2 Kf6 42. Ba4 Ke5 {Accuracy: White = 43%, Black = 69%.} 1/2-1/2

[Event "ROU-chT Men Superliga 2018"]
[Site "Sovata"]
[Date "2018.11.28"]
[Round "5"]
[White "Parligras, Mircea-Emilian"]
[Black "Visakh N R"]
[Result "1-0"]
[WhiteElo "2645"]
[BlackElo "2489"]
[Annotator "TA"]
[PlyCount "71"]
[EventDate "2018.11.24"]
[EventType "team-tourn"]
[EventCountry "ROU"]
[SourceTitle "playchess.com"]
[Source "ChessBase"]
[SourceQuality "1"]

{[%evp 17,71,14,36,22,43,40,44,38,51,-12,-16,-8,53,42,68,62,206,206,212,210,542,487,579,591,583,571,568,534,510,504,587,563,534,398,1129,1091,1173,698,1865,1109,1068,1054,1113,948,902,826,1340,1264,1184,1125,886,654,622,625,618,615]} 1. d4 Nf6 2. c4 e6 3. Nf3 d5 4. Nc3 Bb4 5. Bg5 dxc4 6. e4 b5 7. e5 {D39: Queen's Gambit Declined: Ragozin Defence with 5 Bg5 dxc4} (7. a4 c5 8. axb5 cxd4 9. Nxd4 h6 10. Bxf6 Qxf6 11. b6 a5 12. Bxc4 O-O 13. O-O Bxc3 14. bxc3 Nd7 15. Nxe6 fxe6 {½-½ (57) Grischuk,A (2750)-Carlsen,M (2832) chess.com INT 2017}) 7... h6 8. exf6 hxg5 9. fxg7 Rg8 {LiveBook: 17 Games} 10. a4 Bb7 11. axb5 Nd7 12. Bxc4 g4 13. Ne5 $146 (13. Nd2 $14) ({Predecessor:} 13. Nd2 Rxg7 14. Qb3 Bd6 {½-½ (65) Wantola,I (2308)-Riemersma,L (2449) Netherlands 2018}) 13... Nxe5 $11 14. dxe5 Qg5 (14... Rxg7 $11 15. O-O Qh4) 15. O-O $1 $14 {[#] b6 is the strong threat.} Rxg7 16. Qd4 $36 {[%mdl 2048] Strongly threatening Bd3. White has the initiative.} Qh6 ({Better is} 16... Qd8 $14 17. Qxd8+ Kxd8) 17. Ne4 $18 Be7 {[#]} 18. Nf6+ $1 Kf8 $2 (18... Bxf6 {is a better chance.} 19. exf6 Rh7) 19. Rfd1 Rg5 20. Rxa7 Kg7 21. Rxb7 Rd8 22. Nd7 g3 23. h3 Rxd7 24. Qxd7 gxf2+ 25. Kf1 Rxg2 $2 (25... Qh4) 26. Kxg2 {White is clearly winning.} Qg5+ 27. Kf1 Qg1+ 28. Ke2 Qg2 29. Kd3 f1=Q+ 30. Rxf1 Qxf1+ 31. Kc3 Qe1+ 32. Kc2 Qe4+ 33. Kb3 Qf3+ 34. Ka2 Qxb7 35. Qxe7 Qa7+ 36. Qa3 {Precision: White = 84%, Black = 30%.} 1-0

[Event "ROU-chT Men Superliga 2018"]
[Site "Sovata"]
[Date "2018.11.28"]
[Round "5"]
[White "Erdos, Viktor"]
[Black "Tarlev, Konstantin"]
[Result "1/2-1/2"]
[WhiteElo "2604"]
[BlackElo "2557"]
[Annotator "TA"]
[PlyCount "35"]
[EventDate "2018.11.24"]
[EventType "team-tourn"]
[EventCountry "ROU"]
[SourceTitle "playchess.com"]
[Source "ChessBase"]
[SourceQuality "1"]

{[%evp 24,35,19,19,22,12,26,12,12,9,12,4,14,0]} 1. Nf3 d5 2. g3 g6 3. Bg2 Bg7 4. d4 Nf6 5. c4 c6 6. Nbd2 O-O 7. O-O Bf5 8. b3 Ne4 9. Bb2 Nd7 10. Nh4 Nxd2 11. Qxd2 Be6 12. cxd5 cxd5 13. Nf3 {LiveBook: 9 Games. D78: Fianchetto Grünfeld: 6 0-0 c6} Qb6 (13... Nf6 14. Qb4 Qb6 15. Ba3 Rfe8 16. Qxb6 axb6 17. Bb4 Ne4 18. Rfc1 Rec8 19. a4 Kf8 20. e3 Rc6 {½-½ (31) Abasov,N (2623)-Gledura,B (2626) Ankara 2018}) 14. Ne5 Qd6 $146 {[%cal Rd7e5]} ({Predecessor:} 14... Rfd8 15. Nxd7 Bxd7 16. e3 e6 17. Ba3 Rdc8 18. Rfc1 Qa6 19. Bb4 b6 20. a4 Qb7 {½-½ (34) Bilek,I-Krogius,N Budapest 1963}) 15. Nd3 Rfc8 {The position is equal.} 16. Rac1 Bf5 17. Rfd1 Nf6 18. e3 1/2-1/2

[Event "ROU-chT Men Superliga 2018"]
[Site "Sovata"]
[Date "2018.11.28"]
[Round "5"]
[White "Aczel, Gergely"]
[Black "Ogleznev, Alexandr"]
[Result "1-0"]
[WhiteElo "2549"]
[BlackElo "2333"]
[Annotator "TA"]
[PlyCount "135"]
[EventDate "2018.11.24"]
[EventType "team-tourn"]
[EventCountry "ROU"]
[SourceTitle "playchess.com"]
[Source "ChessBase"]
[SourceQuality "1"]

{[%evp 21,135,0,0,0,0,3,5,0,41,35,22,35,41,39,83,77,82,85,97,71,79,62,64,57,61,60,58,48,75,51,58,58,69,69,112,72,85,89,85,72,97,91,95,106,92,97,98,107,101,108,107,103,97,100,97,97,117,97,94,91,86,77,77,74,70,69,70,72,76,83,119,119,120,120,146,150,372,381,314,361,1190,1328,802,547,1542,1461,29969,264,260,120,1235,269,1070,1039,764,647,2008,1225,29965,29966,29958,10014,6070,2861,29978,29979,29979,29980,29980,29981,29981,29982,29987,29988,29984,273]} 1. d4 Nf6 {[%cal Bg8f6,Bf6e4,Be4d2][%mdl 32]} 2. c4 e6 3. Nc3 Bb4 4. Qb3 c5 5. dxc5 Nc6 6. Nf3 Ne4 7. Bd2 Nxd2 8. Nxd2 Bxc5 9. g3 {E23: Nimzo-Indian: 4 Qb3 c5 5 dxc5 Nc6} b6 10. Bg2 Bb7 11. O-O O-O {LiveBook: 4 Games} (11... Na5 12. Qc2 Bxg2 13. Kxg2 Rc8 14. Rac1 O-O 15. Qd3 Be7 16. Rfd1 Qc7 {½-½ (57) Ehlvest,J (2532)-Huebner,R (2574) Puhajarve 2016}) 12. Rac1 f5 13. Qd1 Qc8 $146 ({Predecessor:} 13... Rc8) 14. Nb3 Ne5 15. Bxb7 Qxb7 16. Nxc5 bxc5 17. b3 f4 18. f3 Qc6 19. Qd2 fxg3 20. hxg3 Rad8 21. Qe3 Nf7 22. Ne4 Nd6 23. Nxd6 $1 Qxd6 24. Kg2 Rf6 25. Rc3 Rg6 26. f4 Qc6+ 27. Qf3 Qa6 28. Rc2 Rf6 29. Rd2 Rf7 30. Qe4 d5 31. cxd5 exd5 32. Rxd5 Rxd5 33. Qxd5 Qxe2+ $16 {[%mdl 4096] Endgame KQR-KQR} 34. Rf2 Qe3 35. Rc2 g6 36. Rxc5 {aiming for Rc7.} Qe2+ 37. Kh3 {Black must now prevent Rc7.} Qf1+ 38. Qg2 Qd1 39. Rd5 Qb1 40. Kh2 Rc7 41. Qe2 Rc2 42. Rd2 (42. Rd8+ {is more complex.} Kg7 43. Rd2 Rxd2 44. Qxd2 Qe4 45. Qf2) 42... Rxd2 43. Qxd2 {KQ-KQ} Qe4 44. b4 a6 45. a4 Qc6 46. Qa2+ Kf8 47. Qb3 Qd7 48. Qc2 Kg7 $2 {[#]} (48... Kf7 $16 49. b5 axb5) 49. b5 $1 $18 {[%mdl 512]} axb5 50. Qb2+ {[%mdl 64] Double Attack} Kh6 $2 (50... Kf7 51. axb5 (51. Qxb5 Qd2+ 52. Kh3 Qd1 $16) 51... Qb7) 51. axb5 Qf5 52. Qe2 Qc5 53. g4 Qb4 54. g5+ $2 (54. Qe5 {mates} Qa3 55. Kg2 Qc1 56. g5+ Kh5 57. Qe2+ Kh4 58. Qf3 Qd2+ 59. Qf2+ Qxf2+ 60. Kxf2) 54... Kg7 55. Kg3 (55. Qe5+ $18 {and White stays clearly on top.} Kf7 56. Kg3) 55... Qb1 $2 {[%mdl 8192]} (55... Qb3+ $16 56. Kh4 Kf7) 56. Qe5+ $2 (56. Qe7+ Kg8 57. Qd8+ Kf7 58. Qd7+ Kg8 59. Qd5+ Kg7 60. Qd4+ Kf7 61. Qf6+ Kg8 62. Qe6+ Kg7 63. Qd7+ Kg8 64. Qd5+ Kg7 65. Qd4+ Kf7 66. Qf6+ Kg8 67. Qd8+ Kf7 68. Qd7+ Kg8) 56... Kg8 $2 (56... Kf7 57. Qf6+ Ke8 58. Qh8+ Kd7 59. Qxh7+ Kd6) 57. Qd5+ Kg7 58. Qd4+ Kg8 59. b6 Qb3+ 60. Kf2 Qc2+ 61. Ke3 {[#] White threatens Qd8+ and mate.} Qb3+ 62. Kd2 Qa2+ 63. Kc3 {White mates.} Qa3+ 64. Kc4 Qa6+ 65. Kb4 Qa8 66. Qe5 Qb7 67. Qe6+ Kg7 68. Qf6+ {Accuracy: White = 73%, Black = 38%.} 1-0

[Event "ROU-chT Men Superliga 2018"]
[Site "Sovata"]
[Date "2018.11.28"]
[Round "5"]
[White "Shevchenko, Kirill"]
[Black "Miron, Lucian-Costin"]
[Result "1-0"]
[WhiteElo "2549"]
[BlackElo "2465"]
[Annotator "TA"]
[PlyCount "134"]
[EventDate "2018.11.24"]
[EventType "team-tourn"]
[EventCountry "ROU"]
[SourceTitle "playchess.com"]
[Source "ChessBase"]
[SourceQuality "1"]

{[%evp 30,134,23,17,28,31,37,16,52,22,28,25,112,93,108,112,121,106,141,135,103,13,105,83,97,86,74,85,110,117,115,120,152,133,241,218,268,229,244,177,170,163,148,137,145,108,134,136,134,136,168,154,416,130,143,119,112,119,104,107,139,146,509,504,466,460,917,917,898,882,708,623,809,683,466,379,367,360,334,310,357,106,1105,589,860,781,1349,1352,1207,1208,977,999,1084,1179,766,386,641,92,93,92,93,0,93,93,12847,12847,29992]} 1. e4 e5 2. Nf3 Nc6 3. Bb5 a6 4. Ba4 Nf6 5. O-O Be7 6. Re1 b5 7. Bb3 d6 8. c3 O-O 9. h3 Nb8 10. d4 Nbd7 11. Nbd2 Bb7 12. Bc2 Re8 13. Nf1 Bf8 14. Ng3 g6 15. a4 Bg7 16. Bd3 {LiveBook: 211 Games} bxa4 {C95: Closed Ruy Lopez: Breyer Variation with 10 d4} (16... exd4 17. cxd4 c5 18. axb5 axb5 19. Rxa8 Bxa8 20. dxc5 Nxc5 21. Bxb5 Rf8 22. e5 dxe5 23. Qxd8 Rxd8 24. Nxe5 {½-½ (39) Hou,Y (2658)-Vitiugov,N (2734) Belokurikha 2018}) 17. Rxa4 d5 18. Bg5 $146 ({Predecessor:} 18. dxe5 Nxe4 19. Nxe4 dxe4 20. Bxe4 Bxe4 21. Raxe4 Nxe5 22. Nxe5 Qxd1 23. Rxd1 Rxe5 24. Rc4 {1-0 (50) Hunt,A (2425)-Short,P (2296) Bunratty 2010}) 18... Qc8 {The position is equal.} 19. exd5 {[%cal Rf3e5]} exd4 20. Rxe8+ Nxe8 (20... Qxe8 $11 21. Rxd4 Nxd5) 21. Nxd4 $16 Nb6 22. Ndf5 $1 {[%cal Rf5e7] Ne7+ is the strong threat.} Qd7 23. Rg4 (23. Ne7+ $6 Kf8 $11) 23... Bxd5 24. Nxg7 Nxg7 25. Qf1 ({White should try} 25. Bh6 $16) 25... Qc6 (25... f5 $11 26. Rh4 Ne6) 26. c4 $36 {[%mdl 2048] Black is under strong pressure.} (26. Bxa6 $6 Bxg2 27. Qxg2 Qxg2+ 28. Kxg2 Rxa6 $11) 26... Be6 27. Rd4 Qc5 28. Be3 Qe5 29. b3 c5 30. Re4 Qc7 31. Bf4 Qc6 (31... Qe7 $16 32. Qb1 Nd7) 32. Re3 $18 {And now Be4 would win.} Re8 33. Qa1 Nd7 34. Re1 f6 35. Bc2 Bf7 36. Rxe8+ Bxe8 37. Be3 Ne6 38. Be4 Qb6 39. Bd5 {Threatens to win with b4!} Bf7 40. Ne4 Nc7 $2 (40... Kg7 $16 {is a better defense.} 41. Qd1 a5) 41. Bxf7+ $2 (41. Qa4 $18 Nxd5 42. Qxd7 (42. cxd5 Qb5 $16)) 41... Kxf7 $16 42. Qa4 Ke7 43. b4 {[%cal Re4c5,Bb3b4,Bb4c5,Bc5c6][%mdl 32]} Ne6 44. Nxc5 Nexc5 45. bxc5 ({Reject} 45. Bxc5+ $6 Nxc5 46. bxc5 Qb1+ 47. Kh2 Qf5 $11) 45... Qb1+ $2 {[%mdl 8192]} (45... Nxc5 $16 {is a better chance.} 46. Qa3 Kd6) 46. Kh2 $18 Qb8+ 47. f4 Qc8 (47... Nf8 $142 48. Qxa6 Ne6) 48. c6 Nb8 49. Qb4+ Ke8 50. Qb7 Qxb7 51. cxb7 {[%mdl 4096] Endgame KB-KN} Kd7 52. Bd4 Kc6 53. Bxf6 Kxb7 54. g4 $1 Nc6 55. c5 $2 (55. Kg3 $18 {and the rest is easy.}) 55... Na5 $2 {[%mdl 8192]} (55... Nb8 $16) 56. Bc3 Nc6 57. f5 gxf5 58. gxf5 Nd8 59. Kg3 Kc6 60. Bb4 Nf7 61. Kf4 a5 {[#]} 62. Ba3 $1 Kd5 $2 {[#]} (62... a4 63. h4 Kd7) 63. f6 $2 (63. h4 $1 $18 {is the precise move to win.} a4 64. h5) 63... Nd8 64. Kf5 Nf7 65. Kf4 Nd8 $1 66. Ke3 Ke5 $2 {[%mdl 8192] [#]} (66... a4 $16 67. Kd3 Nc6) 67. c6 $1 {[%mdl 512]} Kd5 {Accuracy: White = 58%, Black = 37%.} (67... Nxc6 68. f7) 1-0

[Event "ROU-chT Men Superliga 2018"]
[Site "Sovata"]
[Date "2018.11.28"]
[Round "5"]
[White "Szabo, Gergely-Andras-Gyul"]
[Black "Luncasu, Raul-Ionut"]
[Result "1/2-1/2"]
[WhiteElo "2531"]
[BlackElo "2187"]
[Annotator "TA"]
[PlyCount "47"]
[EventDate "2018.11.24"]
[EventType "team-tourn"]
[EventCountry "ROU"]
[SourceTitle "playchess.com"]
[Source "ChessBase"]
[SourceQuality "1"]

{[%evp 17,47,61,95,61,49,6,6,0,47,56,64,50,46,54,78,20,33,0,0,0,0,0,0,-11,0,0,0,-64,-18,-125,-93,-345]} 1. e4 c5 2. Nf3 d6 3. d4 cxd4 4. Nxd4 Nf6 5. Nc3 g6 6. Be3 Bg7 7. f3 a6 8. Qd2 Nbd7 9. g4 {B75: Sicilian Dragon: Yugoslav Attack, Miscellaneous} (9. a4 Ne5 10. Be2 Bd7 11. a5 Rc8 12. g4 Nc4 13. Bxc4 Rxc4 14. g5 Nh5 15. Nd5 O-O 16. Nb6 Rc7 {0-1 (67) Bacrot,E (2725)-Adhiban,B (2655) Riadh 2017}) 9... h6 {LiveBook: 4 Games} 10. h3 b5 11. a4 {White is slightly better.} b4 $146 ({Predecessor:} 11... bxa4 12. Rxa4 Bb7 13. Be2 Nc5 14. Ra3 Qc7 15. O-O e6 16. Rfa1 Rd8 {0-1 (26) Rompotti,P-Bruening,H corr 1991}) 12. Na2 a5 13. c3 bxc3 14. Nxc3 Bb7 15. Bb5 Rc8 16. Rg1 ({White should play} 16. h4 $16) 16... Kf8 $11 {[%cal Be8f8,Bf8g8,Bg8h7][%mdl 32]} 17. h4 Nc5 18. Rd1 h5 {[#] Strongly threatening ...hxg4.} 19. g5 Nfd7 20. Kf2 Ne5 21. Qe2 Kg8 22. Nd5 (22. Rgf1 $11) 22... Kh7 (22... Ng4+ $5 23. Kg2 Nxe3+ 24. Qxe3 e6 $15) 23. Rc1 (23. Rge1 $11 {remains equal.}) 23... e6 24. Nf4 $2 {[%mdl 40960] Precision: White = 21%, Black = 59%. . An unexpected result.} (24. Nc3 $17 {might work better.}) 1/2-1/2

[Event "ROU-chT Men Superliga 2018"]
[Site "Sovata"]
[Date "2018.11.28"]
[Round "5"]
[White "Nevednichy, Vladislav"]
[Black "Baltag, Iulian"]
[Result "1/2-1/2"]
[WhiteElo "2529"]
[BlackElo "2414"]
[Annotator "TA"]
[PlyCount "32"]
[EventDate "2018.11.24"]
[EventType "team-tourn"]
[EventCountry "ROU"]
[SourceTitle "playchess.com"]
[Source "ChessBase"]
[SourceQuality "1"]

{[%evp 14,32,14,4,12,0,2,14,14,9,25,0,8,16,52,29,24,-6,-14,-21,-33]} 1. e4 e6 2. d4 d5 3. Nc3 dxe4 4. Nxe4 Bd7 5. c4 Bc6 6. Nc3 {C10: French with 3 Nc3: Unusual Black 3rd moves and 3...dxe4} Nf6 7. f3 (7. Nf3 Bb4 8. Be2 O-O 9. a3 Bxc3+ 10. bxc3 Nbd7 11. Bf4 h6 12. O-O Re8 13. h3 {1-0 (69) Onischuk,V (2612)-Kovalenko,I (2700) Bastia 2015}) 7... Be7 8. Be3 {LiveBook: 4 Games} O-O 9. Bd3 Nbd7 10. Qc2 b6 {[%cal Bb7b6,Bb6b5,Bb5b4][%mdl 32]} 11. Nge2 Bb7 12. O-O-O $146 a6 13. Kb1 Qb8 14. Rhf1 b5 15. c5 b4 16. Na4 {[#] c6 is the strong threat.} Bc6 {Precision: White = 48%, Black = 56%.} 1/2-1/2

[Event "ROU-chT Men Superliga 2018"]
[Site "Sovata"]
[Date "2018.11.28"]
[Round "5"]
[White "Manolache, Marius"]
[Black "Nastase, Robert-Paul"]
[Result "0-1"]
[WhiteElo "2518"]
[BlackElo "2296"]
[Annotator "TA"]
[PlyCount "100"]
[EventDate "2018.11.24"]
[EventType "team-tourn"]
[EventCountry "ROU"]
[SourceTitle "playchess.com"]
[Source "ChessBase"]
[SourceQuality "1"]

{[%evp 21,100,0,0,4,19,10,12,-20,14,15,45,30,30,0,13,0,0,-8,-8,-8,-8,-8,0,-46,-18,-31,-6,-17,-20,-65,-71,-98,-98,-99,-93,-95,-95,-95,-95,-95,-95,-97,-79,-110,-113,-140,-143,-218,-227,-353,-339,-629,-356,-355,-355,-484,-484,-483,-480,-472,-422,-453,-435,-660,-632,-615,-606,-29956,-11866,-29977,-29976,-29976,-29977,-29977,-29978,-29978,-29979,-29979,-29980,-29980,-29981]} 1. d4 e6 2. Nf3 Nf6 3. e3 d5 4. c4 Bb4+ 5. Nc3 O-O 6. Bd2 b6 7. cxd5 exd5 8. Be2 {E51: Nimzo-Indian: Rubinstein: 4...0-0 5 Nf3 d5} (8. Rc1 Be7 9. Bd3 Bb7 10. O-O c5 11. dxc5 bxc5 12. Re1 Nc6 13. Bb1 Re8 14. e4 dxe4 15. Nxe4 Nd4 {½-½ (54) Vitiugov,N (2730)-Inarkiev,E (2690) Satka 2018}) 8... Ba6 9. Bxa6 Nxa6 10. Qa4 $146 ({Predecessor:} 10. O-O c5 11. a3 Bxc3 12. Bxc3 Ne4 13. Nd2 Nd6 14. Qf3 Nb5 15. Rac1 cxd4 16. Bxd4 Nxd4 17. exd4 {0-1 (27) Kopperud,V (1742)-Rishovd,S (2046) Drammen 2018}) 10... Qc8 11. O-O Qb7 {LiveBook: 4 Games} 12. a3 Bd6 13. Nb5 Be7 14. Rac1 Ne4 15. Nc3 Rfd8 16. Nxe4 dxe4 17. Ne5 {Qc4 is the strong threat.} c5 $1 18. Qc6 Rab8 19. b4 {[%cal Rb4c5]} Bf6 20. Qxb7 Rxb7 21. Ng4 Be7 22. bxc5 bxc5 23. Ne5 Bf6 {White must now prevent ...Bxe5.} 24. Ba5 Rd5 25. Rfd1 h5 26. Nc6 cxd4 27. exd4 Nb8 28. Bb4 Nxc6 29. Rxc6 Bxd4 30. Kf1 Rbd7 31. Ke2 Bb6 32. Rxd5 Rxd5 $17 {[%mdl 4096] Endgame KRB-KRB} 33. h4 Rf5 34. Be1 (34. Rc8+ $17 {might work better.} Kh7 35. Be1) 34... Rc5 $19 35. Rxc5 (35. Rd6 $142) 35... Bxc5 {KB-KB} 36. Bb4 $2 (36. f3 exf3+ 37. Kxf3) 36... Bb6 37. a4 f5 38. a5 Bd4 39. f3 Kf7 40. Bd6 Ke6 41. Bb8 Kd5 42. Bc7 (42. Bf4 $142 Be5 43. Bg5) 42... Be5 43. Bd8 Bf6 44. Bxf6 gxf6 {[%cal Bg7f6,Bf6f5][%mdl 32] KP-KP} 45. a6 Ke5 {Black mates.} 46. Kf2 f4 47. fxe4 Kxe4 48. Ke2 f5 49. Kf2 {[#]} f3 $1 {[%mdl 512]} 50. gxf3+ Kd3 {Accuracy: White = 30%, Black = 74%.} 0-1